Qui a donné ce prénom à son enfant ? (1) - Statistiques

Statistiques générales
  • Ce quiz a été pris 55 fois
  • Le résultat moyen est 3 sur 25
Statistiques - réponses
Hint Réponse % Correct
Chicago Kim Kardashian & Kanye West
48%
North Kim Kardashian & Kanye West
48%
Joalukas Isabelle Camus & Yannick Noah
23%
True Khloé Kardashian & Tristan Thompson
23%
Technon Mecanicus Grimes & Elon Musk
20%
Henry Daniel Julia Roberts & Daniel Moder
18%
Romeo Victoria & David Beckham
18%
Pilot Inspecktor Beth Riesgraf & Jason Lee
15%
Hazel Patricia Julia Roberts & Daniel Moder
15%
Connor Nicole Kidman & Tom Cruise
13%
Petal Blossom Rainbow Jools et Jamie Oliver
10%
Moroccan Mariah Carey & Nick Cannon
10%
Royalty Nia & Chris Brown
10%
Sugar Noura El Swekh & Jo-Wilfried Tsonga
10%
Pixie Paula Yates & Bob Geldof
10%
Nevada Justine Wilson & Elon Musk
8%
Monroe Mariah Carey & Nick Cannon
8%
Dream Renée Rob Kardashian & Blac Chyna
8%
Jupiter Cherry Seaborn & Ed Sheeran
5%
Poppy Honey Rosie Jools et Jamie Oliver
5%
Kai Justine Wilson & Elon Musk
5%
Scott Mariah Carey & Nick Cannon
5%
Leelow Noura El Swekh & Jo-Wilfried Tsonga
5%
Quinn Kelly Sharon Stone
3%
Zen Zoe Saldana & Marco Perego
0%
Aucun quiz correspondant
Distribution des résultats
% des personnes avec chaque résultat
Percentile par nombre de réponses
Votre historique - résultats
Vous n’avez pas pris ce quiz